000 02171nam a22001577a 4500
041 _aukr
080 _a09
090 _bЯЩУ
100 _aЯщук, О. А.
245 _aНаціональні гімни англомовних країн як складова формування національного менталітету
260 _aОстрог
_bКАФ
_c2016
300 _a67
520 _aВступ. Розділ І. Національний менталітет і ментальність. 1.1. Підходи до визначення поняття "менталітет" 1.2. Аналіз функції національного менталітету 1.3. Соціально-психологічний аналіз структури національного менталітету 1.4. Специфіка прояву структурних елементів національного менталітету через ціннісні орієнтації Висновки до Розділу І. Розділ ІІ. Самовизначення нації за допомогою гімну, націоналізм, символізм, інші засоби впливу. 2.1. Пропагування патріотизму та націоналізму через національний гімн 2.2. Символи у національних гімнах Висновки до Розділу ІІ. Розділ ІІІ. Аналіз текстів національних гімнів англомовних країн як складової формування формування національного менталітету: США, Великобританія, Канада, Австралія. 1.1. США, "The Star-Spangled Banner" 1.2. Великобританія, "God Save the Queen" 1.3. Канада, "O Canada" 1.4. Австралія, "Advanced Australia Fair" Висновки до Розділу ІІІ. Висновки. Список використаних джерел.
_0нацыя, гімн, США, Великобританія, Австралія
650 _aResearch Papers
999 _c285723
_d285723
942 _cBK